Представление документа в формате MARC21

Поле Инд. ПП Название Значение
Тип записи a
Библиографический уровень b
001 Контрольный номер RU/IS/BASE/236266224
005 Дата корректировки 20220715140325.5
040 b Код языка каталог. rus
e Правила каталог. PSBO
041 0_ a Код языка текста rus
084 a Индекс другой классификации/Индекс ББК 66.3(2Рос),123
100 1_ a Автор Бирюков С. В.
q Полное имя Бирюков Сергей Владимирович
245 10 a Заглавие Создание единой вертикали власти в масштабах региона: региональная власть и местное самоуправление
504 a Библиография Библиогр. ссылки. - Примеч.
650 a Основная рубрика внутренняя политика
a Основная рубрика политика
653 a Ключевые слова вертикаль власти
a Ключевые слова властные отношения
a Ключевые слова губернаторы
a Ключевые слова местная власть
a Ключевые слова местное самоуправление
a Ключевые слова муниципальное управление
a Ключевые слова мэр
a Ключевые слова региональная власть
a Ключевые слова регионы России
a Ключевые слова Россия
773 0_ t Заглавие источника Вестник Московского университета. Серия 18, Социология и политология
d Дата издания источника 2007
g Прочая информация № 1. - С. 3 - 20
w Контрольный № источника RU/IS/BASE/228580253
901 t Тип документа b